[Event "Lichtenberger Sommer 2016"]
[Site "?"]
[Date "2016.08.17"]
[Round "5.24"]
[White "Witte, Ronald"]
[Black "Rietze, Clemens"]
[Result "0-1"]
[WhiteElo "2023"]
[BlackElo "2368"]
[PlyCount "96"]
[EventDate "2016.??.??"]
[WhiteTeam "BSV 63 Chemie Weißensee"]
[BlackTeam "SC Rotation Pankow"]

1. d4 f5 2. g3 Nf6 3. Bg2 g6 4. c4 Bg7 5. Nf3 O-O 6. O-O d6 7. Nc3 Qe8 8. b3 e5
9. dxe5 dxe5 10. e4 Nc6 11. Ba3 Rf7 12. Re1 f4 13. Ng5 Rd7 14. Nd5 h6 15. Nf3
Nh5 16. g4 Nf6 17. g5 hxg5 18. Nxg5 Nh7 19. Nxh7 Kxh7 20. Qg4 Qd8 21. Qh3+ Bh6
22. Qe6 Bg5 23. Qh3+ Bh6 24. Qc3 Rf7 25. f3 Nd4 26. Bc5 Bg7 27. Bxd4 exd4 28.
Qd3 Be5 29. Rad1 Be6 30. Nb4 a5 31. Nc2 c5 32. a4 Kg7 33. Kf2 Qh4+ 34. Ke2 Qxh2
35. Rg1 Rh8 36. Kd2 Rh3 37. Kc1 Rg3 38. Qf1 Kf6 39. Ne1 Qh8 40. Nd3 b6 41. Rh1
Rh7 42. Rxh7 Qxh7 43. Qf2 Qh2 44. Rd2 Bh3 45. Bxh3 Qxh3 46. Ne1 Qh1 47. Kc2 Rg1
48. Re2 Rf1 0-1

[Event "Lichtenberger Sommer 2016"]
[Site "?"]
[Date "2016.08.17"]
[Round "5.25"]
[White "Jaeschke, Jens-Uwe"]
[Black "Kutschke, Jens"]
[Result "1/2-1/2"]
[WhiteElo "2144"]
[BlackElo "2002"]
[PlyCount "50"]
[EventDate "2016.??.??"]
[WhiteTeam "SF Nordost Berlin"]
[BlackTeam "SF 1903 Berlin"]

1. d4 Nf6 2. c4 g6 3. Nc3 d5 4. e3 Bg7 5. Qb3 dxc4 6. Bxc4 O-O 7. Nf3 c5 8.
dxc5 Nc6 9. Be2 Qa5 10. O-O Qxc5 11. e4 Be6 12. Qa4 Rfd8 13. Be3 Qa5 14. Qxa5
Nxa5 15. Rfd1 b6 16. b3 Rac8 17. Rxd8+ Rxd8 18. Rd1 Rxd1+ 19. Bxd1 Nc6 20. Bc2
Ng4 21. Bd2 Nd4 22. Bd1 Nxf3+ 23. Bxf3 Bd4 24. Bxg4 Bxc3 25. Bxc3 Bxg4 1/2-1/2

[Event "Lichtenberger Sommer 2016"]
[Site "?"]
[Date "2016.08.17"]
[Round "5.26"]
[White "Deutschbein, Christopher"]
[Black "Kohler, Thomas"]
[Result "1/2-1/2"]
[WhiteElo "2006"]
[BlackElo "2184"]
[PlyCount "51"]
[EventDate "2016.??.??"]
[WhiteTeam "Eckernförder SC"]
[BlackTeam "SC Zitadelle Spandau"]

1. e4 c5 2. Nc3 Nc6 3. Bb5 Nd4 4. Bc4 e6 5. Nf3 Nf6 6. O-O a6 7. d3 b5 8. Bb3
Nxb3 9. axb3 Bb7 10. Bg5 d6 11. Qd2 Be7 12. Rae1 h6 13. Bf4 e5 14. Be3 O-O 15.
h3 Re8 16. Nh2 d5 17. exd5 Nxd5 18. Nxd5 Qxd5 19. f4 exf4 20. Bxf4 Bh4 21.
Rxe8+ Rxe8 22. Nf3 Bf6 23. c4 Qd7 24. Re1 Rd8 25. Re3 Qf5 26. Be5 1/2-1/2

[Event "Lichtenberger Sommer 2016"]
[Site "?"]
[Date "2016.08.17"]
[Round "5.27"]
[White "Merz, Rüdiger"]
[Black "Moser, Axel"]
[Result "0-1"]
[WhiteElo "1908"]
[BlackElo "2137"]
[PlyCount "76"]
[EventDate "2016.??.??"]
[WhiteTeam "SK Zehlendorf"]
[BlackTeam "SK Handschuhsheim"]

1. e4 c5 2. Nf3 Nc6 3. d4 cxd4 4. Nxd4 Nf6 5. Nc3 d6 6. Be2 e5 7. Nb3 Be7 8.
O-O O-O 9. Be3 a5 10. a4 Nb4 11. f3 Be6 12. Nd2 Rc8 13. Ndb1 d5 14. exd5 Nfxd5
15. Nxd5 Nxd5 16. Bf2 Bg5 17. Ra3 Qc7 18. c4 Nf4 19. b3 Bf5 20. Nc3 Rfd8 21.
Nd5 Qd6 22. Ra1 Nxd5 23. cxd5 Bc2 24. Qe1 Bxb3 25. Qxa5 Ra8 26. Qb5 Bxd5 27.
Rfd1 Qe6 28. Bb6 Bc6 29. Qb2 Rxd1+ 30. Bxd1 e4 31. Bb3 Bf6 32. Qa2 Bd5 33. Bxd5
Qxb6+ 34. Kh1 Bxa1 35. Bxf7+ Kf8 36. Bg8 Qf6 37. Bxh7 Rd8 38. Qa3+ Qd6 0-1

[Event "Lichtenberger Sommer 2016"]
[Site "?"]
[Date "2016.08.17"]
[Round "5.28"]
[White "Hansch, Stephan"]
[Black "Nofal, Jameel"]
[Result "1-0"]
[WhiteElo "2126"]
[BlackElo "1900"]
[PlyCount "49"]
[EventDate "2016.??.??"]
[WhiteTeam "SC Empor Potsdam"]
[BlackTeam "vereinslos"]

1. d4 Nf6 2. Nf3 e6 3. g3 b6 4. Bg2 Bb7 5. O-O c5 6. c4 Be7 7. d5 exd5 8. Ng5
Ne4 9. Nxe4 dxe4 10. Nc3 f5 11. f3 exf3 12. Bxf3 Bxf3 13. Rxf3 g6 14. Bh6 Nc6
15. e4 Nd4 16. exf5 gxf5 17. Rxf5 Rg8 18. Qh5+ Rg6 19. Raf1 Nxf5 20. Qxf5 Qc7
21. Qf8+ Bxf8 22. Rxf8+ Ke7 23. Nd5+ Kd6 24. Bf4+ Kc6 25. Rxa8 1-0

[Event "Lichtenberger Sommer 2016"]
[Site "?"]
[Date "2016.08.17"]
[Round "5.29"]
[White "Gallien, Fabian"]
[Black "Hesse, Henrik"]
[Result "1/2-1/2"]
[WhiteElo "2146"]
[BlackElo "1903"]
[PlyCount "88"]
[EventDate "2016.??.??"]
[WhiteTeam "SW Lichtenrade"]
[BlackTeam "SV Mattnetz Berlin"]

1. d4 d5 2. Nf3 Nf6 3. c4 e6 4. e3 c6 5. Nbd2 Nbd7 6. Bd3 Bd6 7. O-O O-O 8. e4
dxe4 9. Nxe4 Nxe4 10. Bxe4 f5 11. Bc2 Qc7 12. Re1 Nf6 13. h3 h6 14. c5 Be7 15.
Ne5 Nd5 16. a3 Bf6 17. Qe2 Bd7 18. Bd2 Be8 19. Rad1 Rd8 20. Bc1 b6 21. cxb6
axb6 22. Bb3 Bxe5 23. dxe5 c5 24. Qf3 Bc6 25. Qg3 Kh7 26. Qh4 Qf7 27. Bc2 Qe7
28. Qg3 g6 29. Kh2 Nc7 30. Rxd8 Rxd8 31. Qe3 Qg7 32. b4 Nd5 33. Qb3 cxb4 34.
axb4 Bb5 35. Bd1 Qe7 36. Bd2 Qc7 37. Bf3 Bc4 38. Qa3 Ne7 39. Qe3 g5 40. Rc1 b5
41. Bc3 Nd5 42. Bxd5 Bxd5 43. Bd4 Qb7 44. Ra1 Ra8 1/2-1/2

[Event "Lichtenberger Sommer 2016"]
[Site "?"]
[Date "2016.08.17"]
[Round "5.30"]
[White "Schulz, Michael"]
[Black "Thesing, Ansgar"]
[Result "1/2-1/2"]
[WhiteElo "2120"]
[BlackElo "1987"]
[PlyCount "58"]
[EventDate "2016.??.??"]
[WhiteTeam "SC Zitadelle Spandau"]
[BlackTeam "SC Kreuzberg"]

1. d4 d5 2. Bf4 Nf6 3. e3 e6 4. Bd3 Be7 5. Nd2 c5 6. c3 c4 7. Bc2 Nc6 8. Ngf3
b5 9. a3 Bb7 10. Qe2 Qb6 11. O-O a5 12. e4 dxe4 13. Nxe4 Nxe4 14. Bxe4 O-O 15.
Bc2 Bf6 16. Ng5 g6 17. Qg4 e5 18. Qh4 h5 19. dxe5 Nxe5 20. Bxe5 Bxe5 21. Rae1
Bf6 22. Qf4 Rae8 23. Ne4 Be5 24. Qg5 Bxe4 25. Bxe4 Qf6 26. Qxf6 Bxf6 27. Bc6
Rxe1 28. Rxe1 b4 29. axb4 axb4 1/2-1/2

[Event "Lichtenberger Sommer 2016"]
[Site "?"]
[Date "2016.08.17"]
[Round "5.31"]
[White "Oginski, Ulrich"]
[Black "Neumann, Thomas"]
[Result "1-0"]
[WhiteElo "1769"]
[BlackElo "2151"]
[PlyCount "70"]
[EventDate "2016.??.??"]
[WhiteTeam "SC Weisse Dame (Berlin)"]
[BlackTeam "Borussia Friedrichsfelde"]

1. Nf3 d5 2. c4 e6 3. g3 c6 4. b3 f5 5. Bb2 Nf6 6. Bg2 Bd6 7. O-O O-O 8. d3
Nbd7 9. Nbd2 e5 10. cxd5 cxd5 11. e4 fxe4 12. dxe4 d4 13. Nc4 Qe7 14. Nxd6 Qxd6
15. Ne1 Nc5 16. Ba3 b6 17. Nd3 Ba6 18. Bxc5 bxc5 19. Rc1 Rac8 20. h3 Nd7 21.
Re1 Rf7 22. Bf1 Rcf8 23. Rc2 h6 24. Nb2 Bxf1 25. Kxf1 Rf3 26. Kg2 Qf6 27. Nd3
h5 28. h4 g6 29. Qd2 Kh7 30. Re2 Rf7 31. Ne1 c4 32. Rxc4 d3 33. Nxd3 Nb6 34.
Rc1 Rd7 35. Re3 Rf4 1-0

[Event "Lichtenberger Sommer 2016"]
[Site "?"]
[Date "2016.08.17"]
[Round "5.32"]
[White "Kather, Yannick"]
[Black "Jaeger, Andre"]
[Result "1/2-1/2"]
[WhiteElo "2037"]
[BlackElo "1949"]
[PlyCount "79"]
[EventDate "2016.??.??"]
[WhiteTeam "SC Weisse Dame (Berlin)"]
[BlackTeam "SC Rochade (Berlin)"]

1. e4 c5 2. c3 Nf6 3. e5 Nd5 4. d4 cxd4 5. cxd4 d6 6. Nf3 Nc6 7. Bc4 Nb6 8. Bb5
dxe5 9. Nxe5 Bd7 10. Nxd7 Qxd7 11. Nc3 e6 12. O-O Rd8 13. a4 a6 14. Bxc6 Qxc6
15. Bg5 Be7 16. Bxe7 Kxe7 17. Qg4 Kf8 18. Rac1 h5 19. Qh4 Qd7 20. a5 Nd5 21.
Ne4 Qe7 22. Qg3 Rh6 23. Nc3 Rg6 24. Nxd5 Rxd5 25. Rc8+ Rd8 26. Qc7 Qxc7 27.
Rxc7 Rg5 28. Rxb7 Rxa5 29. Rc1 Rb5 30. Ra7 Rxb2 31. g3 Rb5 32. Rcc7 Rf5 33.
Rxa6 g6 34. Ra4 Rfd5 35. Rcc4 R8d7 36. Kg2 Kg7 37. h4 Rb5 38. Ra3 Rbd5 39. Raa4
Rb5 40. Ra3 1/2-1/2

[Event "Lichtenberger Sommer 2016"]
[Site "?"]
[Date "2016.08.17"]
[Round "5.33"]
[White "Heuser, Philip"]
[Black "Schubert, Joachim"]
[Result "1-0"]
[WhiteElo "2086"]
[BlackElo "1889"]
[PlyCount "87"]
[EventDate "2016.??.??"]
[WhiteTeam "Münchener SC"]
[BlackTeam "SC Friesen Lichtenberg"]

1. d4 f5 2. g3 Nf6 3. Bg2 c6 4. c4 d5 5. Nf3 e6 6. O-O Be7 7. b3 O-O 8. Bb2 Qe8
9. Nbd2 Nbd7 10. Ne1 Bd6 11. Nd3 g5 12. Nf3 Qg6 13. Nfe5 Qg7 14. Qc1 h5 15. f4
g4 16. Ba3 Bxa3 17. Qxa3 Ne8 18. e3 Rf6 19. Nxd7 Qxd7 20. Ne5 Qh7 21. Rfc1 Rh6
22. Kf2 h4 23. Rab1 Qg7 24. b4 Nf6 25. b5 cxb5 26. cxb5 hxg3+ 27. hxg3 Rh2 28.
Kg1 Rh7 29. Qd6 Qe7 30. Qxe7 Rxe7 31. Rc5 Ne8 32. Rbc1 Bd7 33. Bf1 Rd8 34. a4
Kg7 35. Kf2 Kf6 36. Bd3 b6 37. R5c2 Nd6 38. Rc7 a6 39. bxa6 Bxa4 40. Rxe7 Kxe7
41. Rc7+ Kf8 42. a7 Be8 43. Nd7+ Bxd7 44. Rxd7 1-0

[Event "Lichtenberger Sommer 2016"]
[Site "?"]
[Date "2016.08.17"]
[Round "5.34"]
[White "Freimuth, Dominik Stefan"]
[Black "Zschäbitz, Klaus"]
[Result "0-1"]
[WhiteElo "1838"]
[BlackElo "2077"]
[PlyCount "108"]
[EventDate "2016.??.??"]
[WhiteTeam "SF Birkenfeld"]
[BlackTeam "Berliner SchGes Eckbauer"]

1. e4 e6 2. d4 d5 3. Nc3 Bb4 4. Nge2 dxe4 5. a3 Bxc3+ 6. Nxc3 Nc6 7. d5 Nce7 8.
dxe6 Qxd1+ 9. Kxd1 Bxe6 10. Bf4 O-O-O+ 11. Ke1 Ng6 12. Bg5 Re8 13. Nb5 Kb8 14.
Nd4 Bc8 15. Bc4 Ne5 16. Bb3 Ne7 17. h4 f6 18. Bf4 N7g6 19. Bg3 h5 20. Kd2 f5
21. Ne2 Rd8+ 22. Kc3 Rd6 23. Rad1 Rc6+ 24. Kb4 Rb6+ 25. Kc3 Re8 26. Nf4 Nxf4
27. Bxf4 Ng4 28. Be3 Nxe3 29. fxe3 Be6 30. Bxe6 Rbxe6 31. Rd7 R6e7 32. Rhd1 Kc8
33. Rxe7 Rxe7 34. Rd5 g6 35. Kd4 Re6 36. g3 b6 37. Kc4 Rc6+ 38. Kb3 Rf6 39. Kc4
a5 40. a4 Rc6+ 41. Kb3 Re6 42. Kc4 c6 43. Rd2 Kc7 44. c3 Re8 45. b4 Ra8 46. Kb3
Rg8 47. Kc4 g5 48. Rh2 Kd6 49. Kd4 Ke6 50. hxg5 Rxg5 51. bxa5 bxa5 52. c4 c5+
53. Kxc5 f4+ 54. Kd4 fxg3 0-1

[Event "Lichtenberger Sommer 2016"]
[Site "?"]
[Date "2016.08.17"]
[Round "5.35"]
[White "Wirth, Heinz"]
[Black "Schmidt, Jürgen"]
[Result "1/2-1/2"]
[WhiteElo "1996"]
[BlackElo "1944"]
[PlyCount "52"]
[EventDate "2016.??.??"]
[WhiteTeam "SC Weisse Dame (Berlin)"]
[BlackTeam "SC Kreuzberg"]

1. e4 e5 2. Nf3 Nc6 3. Bb5 a6 4. Bxc6 dxc6 5. O-O Qd6 6. Na3 f6 7. Qe2 Be6 8.
Rd1 O-O-O 9. d4 Bg4 10. Be3 Qe6 11. Nc4 Bxf3 12. gxf3 exd4 13. Bxd4 Ne7 14. Be3
Rxd1+ 15. Rxd1 Ng6 16. Qf1 Nh4 17. Nd2 Be7 18. Bf4 Rd8 19. Kh1 Ng6 20. Be3 Nh4
21. Re1 g5 22. f4 gxf4 23. Bxf4 Qg4 24. Be3 Rxd2 25. Bxd2 Qf3+ 26. Kg1 Qg4+
1/2-1/2

[Event "Lichtenberger Sommer 2016"]
[Site "?"]
[Date "2016.08.17"]
[Round "5.36"]
[White "Schilling, Florian"]
[Black "Hahlbohm, Matthias"]
[Result "0-1"]
[WhiteElo "1932"]
[BlackElo "2101"]
[PlyCount "142"]
[EventDate "2016.??.??"]
[WhiteTeam "vereinslos"]
[BlackTeam "TSG Oberschöneweide"]

1. b3 d5 2. Bb2 c5 3. e3 Nc6 4. Nf3 f6 5. d4 Bg4 6. Be2 e6 7. Nbd2 Bd6 8. O-O
Nge7 9. c4 O-O 10. Rc1 b6 11. h3 Bf5 12. Nb1 Bg6 13. Nc3 Bf7 14. Nb5 Rc8 15.
Nxd6 Qxd6 16. Ba3 Nb4 17. Qd2 a5 18. dxc5 bxc5 19. Rc3 Rc7 20. Rd1 Qb6 21. Ne1
Nec6 22. cxd5 exd5 23. Nd3 Ne5 24. Nf4 Rd8 25. Rdc1 Rc6 26. Bxb4 axb4 27. R3c2
c4 28. Qd4 g5 29. Nh5 Bg6 30. Nxf6+ Rxf6 31. Qxe5 c3 32. Qxg5 h6 33. Qg3 Kh7
34. e4 Rdf8 35. Bf1 Rg8 36. Qe3 Qxe3 37. fxe3 Bxe4 38. Rf2 Rfg6 39. Rf7+ Kh8
40. Rf2 Rg3 41. Re1 c2 42. Kh2 Rxe3 43. Rc1 Rd8 44. Rd2 d4 45. Kg1 Kg7 46. Kf2
Kf6 47. Rdxc2 Bxc2 48. Rxc2 Rc3 49. Rd2 Ke5 50. Bd3 Rf8+ 51. Ke2 h5 52. Rd1 h4
53. Re1 Kd6 54. Rd1 Kc5 55. Rd2 Rg8 56. Kf2 Rg3 57. Be4 d3 58. Bf3 Kd4 59. Bd1
Re3 60. Rb2 Re7 61. Rb1 Rf7+ 62. Bf3 Rc2+ 63. Kf1 Re7 64. Bh5 Kc3 65. Bd1 Rxa2
66. Bf3 Rb2 67. Rc1+ Rc2 68. Rb1 d2 69. Rd1 Rc1 70. Kf2 Rxd1 71. Bxd1 Re1 0-1

[Event "Lichtenberger Sommer 2016"]
[Site "?"]
[Date "2016.08.17"]
[Round "5.37"]
[White "Rüegsegger, Beat"]
[Black "Hoffbauer, Joerg"]
[Result "1/2-1/2"]
[WhiteElo "2011"]
[BlackElo "1765"]
[PlyCount "141"]
[EventDate "2016.??.??"]
[WhiteTeam "Trubschachen"]
[BlackTeam "BSG Bund (FV Schach)"]

1. e4 c5 2. Nf3 Nc6 3. c3 d5 4. exd5 Qxd5 5. d4 Bg4 6. Be2 e6 7. O-O Nf6 8. Be3
Ne4 9. h3 Bh5 10. Qa4 cxd4 11. cxd4 a6 12. Nc3 Nxc3 13. bxc3 b5 14. Qb3 Rb8 15.
c4 bxc4 16. Qxc4 Bxf3 17. gxf3 a5 18. Qxd5 exd5 19. Rfb1 Rb4 20. Bb5 Kd7 21.
Bd2 Rxd4 22. Bxa5 Bd6 23. Rc1 Rc8 24. Rc2 Ba3 25. Re1 Kd6 26. Bb6 Rh4 27. Re3
Na7 28. Rxc8 Nxc8 29. Bd8 Rb4 30. Ba6 Rb1+ 31. Kg2 Kd7 32. Rxa3 Kxd8 33. Bd3
Rb4 34. Ra5 Rd4 35. Bb5 Rb4 36. a3 Rb2 37. Bc6 d4 38. Rd5+ Kc7 39. Ba4 Nb6 40.
Rxd4 Ra2 41. Be8 Rxa3 42. Bxf7 Nd7 43. Bd5 Nf6 44. Be4 h6 45. f4 Rc3 46. f3 Rb3
47. Kg3 Ra3 48. f5 Ra6 49. Kf4 Rd6 50. Rb4 Kd8 51. Rb7 Rd7 52. Rb2 Ke7 53. Ke5
Ra7 54. Rb7+ Rxb7 55. Bxb7 Nd7+ 56. Kd5 Kf6 57. Kd6 Ne5 58. Be4 Nc4+ 59. Kc5
Ne3 60. f4 Nxf5 61. Kd5 Ne7+ 62. Kd4 Nf5+ 63. Kd5 g5 64. fxg5+ Kxg5 65. Ke5 Ne3
66. Bf3 Nf5 67. Be4 Nh4 68. Bc6 Ng6+ 69. Ke4 Nf4 70. Bd7 h5 71. Kf3 1/2-1/2

[Event "Lichtenberger Sommer 2016"]
[Site "?"]
[Date "2016.08.17"]
[Round "5.38"]
[White "Prix, Siegfried"]
[Black "Sabrowski, Uwe"]
[Result "0-1"]
[WhiteElo "1726"]
[BlackElo "2104"]
[PlyCount "34"]
[EventDate "2016.??.??"]
[WhiteTeam "SF 1903 Berlin"]
[BlackTeam "SC Friesen Lichtenberg"]

1. d4 Nf6 2. c4 g6 3. Nc3 Bg7 4. e4 d6 5. Nf3 O-O 6. Be2 e5 7. d5 a5 8. O-O Na6
9. Be3 Ng4 10. Bg5 f6 11. Bh4 h5 12. h3 Nh6 13. Nd2 Bd7 14. f3 Qc8 15. Kh2 f5
16. f4 Nc5 17. exf5 Nxf5 0-1

[Event "Lichtenberger Sommer 2016"]
[Site "?"]
[Date "2016.08.17"]
[Round "5.39"]
[White "Albert, Jörg"]
[Black "Dathe, Frederick"]
[Result "1/2-1/2"]
[WhiteElo "2149"]
[BlackElo "1884"]
[PlyCount "29"]
[EventDate "2016.??.??"]
[WhiteTeam "SV Eiche Reichenbrand"]
[BlackTeam "SC Kreuzberg"]

1. d4 Nf6 2. Nf3 g6 3. Nbd2 Bg7 4. e4 d6 5. Bd3 O-O 6. O-O Nbd7 7. Re1 e5 8. c3
Re8 9. Nf1 h6 10. Ng3 c6 11. a4 a5 12. b3 d5 13. Bb2 exd4 14. Nxd4 Nc5 15. e5
1/2-1/2

[Event "Lichtenberger Sommer 2016"]
[Site "?"]
[Date "2016.08.17"]
[Round "5.40"]
[White "Ritter, Uwe"]
[Black "Guenther, Thomas"]
[Result "1/2-1/2"]
[WhiteElo "1928"]
[BlackElo "2044"]
[PlyCount "120"]
[EventDate "2016.??.??"]
[WhiteTeam "Reideburger SV"]
[BlackTeam "SV Senat (FV Schach)"]

1. f4 d5 2. Nf3 g6 3. d3 Nf6 4. c3 Bg7 5. Qc2 c5 6. e4 e6 7. Be2 O-O 8. e5 Nfd7
9. O-O b6 10. d4 Bb7 11. Be3 Nc6 12. Nbd2 Rc8 13. Nb3 cxd4 14. Nbxd4 Nxd4 15.
Nxd4 a6 16. Rf3 Qe7 17. Rh3 b5 18. a3 Nc5 19. Bg4 Ne4 20. Qe2 Rc7 21. Rf1 Bc8
22. Bc1 f6 23. exf6 Bxf6 24. Nf3 h5 25. Bxh5 gxh5 26. Rxh5 Qe8 27. Ne5 Bxe5 28.
fxe5 Rxf1+ 29. Kxf1 Qg6 30. Rh6 Rf7+ 31. Kg1 Qf5 32. Be3 Nxc3 33. Qe1 Ne4 34.
Qd1 Nd2 35. g3 Nf3+ 36. Kg2 Qe4 37. Qc1 Nd2+ 38. Kh3 Nc4 39. Bf4 Rh7 40. b3
Rxh6+ 41. Bxh6 Qf5+ 42. Kg2 Qe4+ 43. Kh3 Qxe5 44. bxc4 dxc4 45. Qg5+ Qxg5 46.
Bxg5 e5+ 47. Kg2 Kf7 48. Bd2 Ke6 49. Kf3 Kd5 50. Ke3 Bf5 51. Bb4 Ke6 52. Bc3
Bh3 53. Ke4 Bg2+ 54. Ke3 Kd5 55. Bb4 Be4 56. Bc3 Bd3 57. Bb4 Ke6 58. Bd2 Kf5
59. Bc3 e4 60. h4 Kg4 1/2-1/2

[Event "Lichtenberger Sommer 2016"]
[Site "?"]
[Date "2016.08.17"]
[Round "5.41"]
[White "Acikel, Mert"]
[Black "Niehaus, Frank"]
[Result "1/2-1/2"]
[WhiteElo "1820"]
[BlackElo "2255"]
[PlyCount "27"]
[EventDate "2016.??.??"]
[WhiteTeam "SK König Tegel"]
[BlackTeam "SK König Tegel"]

1. e4 e5 2. Nf3 d6 3. Bc4 Nd7 4. d4 c6 5. Nc3 Be7 6. a4 Ngf6 7. O-O O-O 8. Re1
b6 9. Ng5 h6 10. Bxf7+ Rxf7 11. Ne6 Qe8 12. Nc7 Qd8 13. Ne6 Qe8 14. Nc7 1/2-1/2

[Event "Lichtenberger Sommer 2016"]
[Site "?"]
[Date "2016.08.17"]
[Round "5.42"]
[White "Baranowsky, Peter"]
[Black "Vogel, Robert"]
[Result "0-1"]
[WhiteElo "1923"]
[BlackElo "2215"]
[PlyCount "90"]
[EventDate "2016.??.??"]
[WhiteTeam "SF 1903 Berlin"]
[BlackTeam "SG Pang-Rosenheim"]

1. e4 c5 2. Nf3 Nc6 3. d4 cxd4 4. Nxd4 Nf6 5. Nc3 d6 6. Be2 e5 7. Nb3 Be7 8.
Be3 O-O 9. f3 a5 10. Nd5 Nxd5 11. exd5 Nb4 12. a3 Na6 13. O-O a4 14. Nd2 b6 15.
Bb5 Nc5 16. b4 axb3 17. cxb3 Ba6 18. Qe2 Bb7 19. b4 Na4 20. Qd3 Ra7 21. Bxa4
Rxa4 22. Qb5 Qe8 23. Qd3 Ba6 24. Nc4 Qb5 25. Qb3 Qxd5 26. Qxa4 Bxc4 27. Rfd1
Qe6 28. Qc6 b5 29. a4 bxa4 30. b5 d5 31. Qxe6 fxe6 32. b6 Rb8 33. Rdc1 a3 34.
Rc3 Kf7 35. Kf2 Ke8 36. Raxa3 Bxa3 37. Rxa3 d4 38. Bg5 h6 39. Bh4 Rxb6 40. Ra8+
Kf7 41. Ra7+ Kg6 42. Rd7 Rb2+ 43. Ke1 Rxg2 44. Bg3 d3 45. Bxe5 Re2+ 0-1

[Event "Lichtenberger Sommer 2016"]
[Site "?"]
[Date "2016.08.17"]
[Round "5.43"]
[White "Mayer, Herbert"]
[Black "Möller, Dustin"]
[Result "0-1"]
[WhiteElo "1900"]
[BlackElo "1985"]
[PlyCount "58"]
[EventDate "2016.??.??"]
[WhiteTeam "SC Rochade (Berlin)"]
[BlackTeam "Eckernförder SC"]

1. c4 c5 2. Nc3 Nc6 3. g3 g6 4. Bg2 Bg7 5. f4 e6 6. Nf3 Nge7 7. O-O d5 8. cxd5
exd5 9. d3 d4 10. Ne4 b6 11. Qa4 O-O 12. Bd2 Bd7 13. Qc2 Nd5 14. Rac1 Re8 15.
Rfe1 Bf5 16. Nh4 Bc8 17. Kh1 h6 18. Bf1 f5 19. Nf2 Kh7 20. Ng2 Bb7 21. Kg1 Qf6
22. Nd1 Rad8 23. a3 a5 24. Rb1 Ba8 25. e4 dxe3 26. Ndxe3 Nxe3 27. Rxe3 Rxe3 28.
Nxe3 Nd4 29. Qc4 Nf3+ 0-1

[Event "Lichtenberger Sommer 2016"]
[Site "?"]
[Date "2016.08.17"]
[Round "5.44"]
[White "Körner, Helmut"]
[Black "Stark, Ingo"]
[Result "0-1"]
[WhiteElo "1870"]
[BlackElo "2183"]
[PlyCount "66"]
[EventDate "2016.??.??"]
[WhiteTeam "SF Nordost Berlin"]
[BlackTeam "TSG Oberschöneweide"]

1. b4 d5 2. Bb2 Bf5 3. Nf3 e6 4. e3 Nf6 5. c4 Nbd7 6. b5 Nc5 7. d4 Nce4 8. Nfd2
Bb4 9. f3 Nxd2 10. Nxd2 dxc4 11. Bxc4 Nd5 12. Bxd5 exd5 13. O-O Qg5 14. Qe2 O-O
15. a3 Bd6 16. e4 Bf4 17. Bc3 Rfe8 18. Rae1 h5 19. Qf2 Bd7 20. a4 a6 21. g3 h4
22. Qg2 hxg3 23. hxg3 Bxg3 24. exd5 f5 25. f4 Bxf4 26. Qxg5 Bxg5 27. Nf3 Be3+
28. Kg2 f4 29. Ne5 Bc8 30. Rh1 Bf5 31. Kf3 axb5 32. Rh5 g6 33. Rh6 Kg7 0-1

[Event "Lichtenberger Sommer 2016"]
[Site "?"]
[Date "2016.08.17"]
[Round "5.45"]
[White "Rollwitz, Jürgen"]
[Black "Böhm, Uwe"]
[Result "1/2-1/2"]
[WhiteElo "1951"]
[BlackElo "2138"]
[PlyCount "53"]
[EventDate "2016.??.??"]
[WhiteTeam "SC Rochade (Berlin)"]
[BlackTeam "SK Siemens München"]

1. e4 e6 2. d4 d5 3. exd5 exd5 4. Nf3 Nf6 5. Bd3 Be7 6. Nbd2 O-O 7. O-O Bg4 8.
Re1 c5 9. Be2 Nc6 10. c3 a6 11. Nf1 h6 12. Ne3 Be6 13. Nc2 c4 14. Ne5 Qb6 15.
Bg4 Nxg4 16. Nxg4 Rfe8 17. Nge3 Qd8 18. Qf3 Qd7 19. b4 Bf8 20. Bd2 g6 21. a4
Ne7 22. a5 Bg7 23. h3 Kh7 24. Ng4 Bxg4 25. hxg4 Ng8 26. g5 h5 27. Ne3 1/2-1/2

[Event "Lichtenberger Sommer 2016"]
[Site "?"]
[Date "2016.08.17"]
[Round "5.46"]
[White "Lange, Cecilia"]
[Black "Poseck, Steffen"]
[Result "1/2-1/2"]
[WhiteElo "1858"]
[BlackElo "2039"]
[PlyCount "109"]
[EventDate "2016.??.??"]
[WhiteTeam "TSG Oberschöneweide"]
[BlackTeam "BSV 63 Chemie Weißensee"]

1. e4 d5 2. exd5 Nf6 3. Bb5+ Bd7 4. Bc4 Bg4 5. Nf3 Nxd5 6. Nc3 e6 7. d3 Nb6 8.
Bb3 Nc6 9. Bf4 Nd4 10. h3 Bxf3 11. gxf3 Bd6 12. Be3 Bb4 13. Bd2 Qf6 14. f4 Bxc3
15. bxc3 Nxb3 16. cxb3 O-O-O 17. d4 Nd5 18. Qg4 c5 19. Qg5 cxd4 20. Qxf6 Nxf6
21. cxd4 Rxd4 22. Be3 Re4 23. O-O b6 24. Rac1+ Kb7 25. a3 Nd5 26. Rfe1 Rc8 27.
Kg2 Rxc1 28. Rxc1 Nxe3+ 29. Kf3 Rd4 30. fxe3 Rd3 31. Rb1 Rd2 32. b4 Ra2 33. Rb3
Kc6 34. b5+ Kc5 35. e4 f5 36. exf5 exf5 37. Kg3 g6 38. h4 Kc4 39. Rb4+ Kc3 40.
Ra4 Kb2 41. Rxa7 Rxa3+ 42. Rxa3 Kxa3 43. h5 gxh5 44. Kh4 Kb4 45. Kxh5 Kxb5 46.
Kg5 Kc6 47. Kxf5 b5 48. Ke5 b4 49. f5 b3 50. f6 b2 51. f7 b1=Q 52. f8=Q Qb2+
53. Ke4 Qe2+ 54. Kd4 Qd2+ 55. Ke4 1/2-1/2

[Event "Lichtenberger Sommer 2016"]
[Site "?"]
[Date "2016.08.17"]
[Round "5.47"]
[White "Mai, Andreas"]
[Black "Schmalzried, Volker"]
[Result "0-1"]
[WhiteElo "2014"]
[BlackElo "1870"]
[PlyCount "58"]
[EventDate "2016.??.??"]
[WhiteTeam "SC Friesen Lichtenberg"]
[BlackTeam "vereinslos"]

1. e4 c5 2. Nc3 Nc6 3. g3 g6 4. Bg2 Bg7 5. Nge2 Nf6 6. O-O O-O 7. f4 e6 8. d3
d5 9. e5 Ng4 10. h3 Nh6 11. Kh2 a6 12. d4 cxd4 13. Nxd4 Nxd4 14. Qxd4 Nf5 15.
Qf2 Bd7 16. Be3 Bc6 17. Bb6 Qd7 18. Rad1 f6 19. exf6 Bxf6 20. Rfe1 Rae8 21. Bc5
Be7 22. Bxe7 Rxe7 23. Re5 Qc7 24. Rde1 d4 25. Bxc6 dxc3 26. Ba4 cxb2 27. Bb3
Qd6 28. Rb1 Nd4 29. Rxb2 Qxe5 0-1

[Event "Lichtenberger Sommer 2016"]
[Site "?"]
[Date "2016.08.17"]
[Round "5.48"]
[White "Kling, Maximilian"]
[Black "Kröncke, Manfred"]
[Result "1/2-1/2"]
[WhiteElo "1804"]
[BlackElo "2039"]
[PlyCount "61"]
[EventDate "2016.??.??"]
[WhiteTeam "SK Kriegshaber"]
[BlackTeam "SG Glückstadt"]

1. e4 c5 2. Nf3 e6 3. d4 cxd4 4. Qxd4 Nc6 5. Qe3 Nf6 6. Nc3 Bb4 7. Bd2 a6 8. a3
Ba5 9. Bc4 d6 10. O-O O-O 11. Bb3 Bd7 12. Qg5 h6 13. Qg3 Kh7 14. Qxd6 Bc7 15.
Qd3 Ng4 16. Qe2 Nge5 17. Rad1 Nxf3+ 18. Qxf3 Nd4 19. Qd3 Nxb3 20. cxb3 Bc6 21.
Qxd8 Rfxd8 22. Be3 g5 23. f3 Kg6 24. Rfe1 Rxd1 25. Rxd1 Rd8 26. Rxd8 Bxd8 27.
Bd4 f5 28. Kf2 Bc7 29. h3 h5 30. exf5+ exf5 31. g3 1/2-1/2

[Event "Lichtenberger Sommer 2016"]
[Site "?"]
[Date "2016.08.17"]
[Round "5.49"]
[White "Schnabel, Bennett"]
[Black "Woinowski, Michael"]
[Result "1-0"]
[WhiteElo "2044"]
[BlackElo "1734"]
[PlyCount "65"]
[EventDate "2016.??.??"]
[WhiteTeam "SV Mattnetz Berlin"]
[BlackTeam "SC Kreuzberg"]

1. e4 e5 2. Nf3 Nc6 3. Bb5 a6 4. Bxc6 dxc6 5. O-O Bg4 6. h3 h5 7. d3 Qf6 8.
Nbd2 Ne7 9. Nc4 Bxf3 10. Qxf3 Qxf3 11. gxf3 Ng6 12. Rd1 c5 13. Kf1 Bd6 14. Ke2
f6 15. Rg1 Kf7 16. a4 b5 17. Na5 Ne7 18. Be3 Rhb8 19. Rgb1 c6 20. Nb3 Ng6 21.
Nxc5 Bxc5 22. Bxc5 Nf4+ 23. Ke3 Nxh3 24. d4 Nf4 25. c3 Ne6 26. Bd6 exd4+ 27.
cxd4 bxa4 28. Bxb8 Rxb8 29. b4 a5 30. bxa5 Rb3+ 31. Rxb3 axb3 32. a6 c5 33.
dxc5 1-0